| 000 | 00534nam a2200181Ia 4500 | ||
|---|---|---|---|
| 005 | 20250715115709.0 | ||
| 008 | 231207s9999 xx 000 0 und d | ||
| 020 | _a9780520064430 | ||
| 040 | _cPK-LaNCA | ||
| 082 |
_a841.912 _bART |
||
| 100 | _aArtaud, Antonin | ||
| 245 | 0 |
_aAntonin Artaud: selected writings _cAntonin Artaud, |
|
| 260 |
_bUniversity of California Press _aBerkeley _c1976 |
||
| 300 | _alix, 661p | ||
| 546 | _aEnglish | ||
| 650 | _aSontag, Susan, 1933--, Artaud, Antonin, 1896-1942--Writings | ||
| 942 | _cM.PHIL. | ||
| 999 |
_c23932 _d23932 |
||